Name the Passanger Plane - Statistics

General Stats
  • This quiz has been taken 21 times
  • The average score is 12 of 15
Answer Stats
Picture Answer % Correct
a320
94%
a380
94%
a350
83%
b737
83%
b747
83%
a330
78%
a340
78%
b767
78%
b777
78%
b787
78%
a321
72%
a220
67%
a319
67%
b757
67%
b717
50%
No matching quizzes found
Score Distribution
Percent of People with Each Score
Percentile by Number Answered
Your Score History
You have not taken this quiz